Central Library OPAC University of Rajshahi

History of the United States of America during the administrations of Thomas Jefferson / (Record no. 64682)

MARC details
000 -LEADER
fixed length control field 01428nam a2200301 a 4500
001 - CONTROL NUMBER
control field 64682
003 - CONTROL NUMBER IDENTIFIER
rucl marc code BD-RjUL
005 - DATE AND TIME OF LATEST TRANSACTION
control field 20211209081332.0
008 - FIXED-LENGTH DATA ELEMENTS--GENERAL INFORMATION
fixed length control field 170219s1986 nyub b 001 0 eng
020 ## - INTERNATIONAL STANDARD BOOK NUMBER
International Standard Book Number 0940450348 (alk. paper) :
Terms of availability $27.50
Canceled/invalid ISBN 0940450356 (v. 2 : alk. paper) :
Terms of availability $27.50
035 ## - SYSTEM CONTROL NUMBER
System control number (BD-RjUL)64812
040 ## - CATALOGING SOURCE
Original cataloging agency DLC
Transcribing agency DLC
Modifying agency BD-RjUL
Language of cataloging eng
041 ## - LANGUAGE CODE
Language code of text/sound track or separate title eng
082 00 - DEWEY DECIMAL CLASSIFICATION NUMBER
Classification number 973.46
Edition number 23
Author mark and year ADH 1986
100 1# - MAIN ENTRY--PERSONAL NAME
Personal name Adams, Henry,
Dates associated with a name 1838-1918.
9 (RLIN) 191778
245 10 - TITLE STATEMENT
Title History of the United States of America during the administrations of Thomas Jefferson /
Statement of responsibility, etc. Henry Adams.
260 ## - PUBLICATION, DISTRIBUTION, ETC. (IMPRINT)
Place of publication, distribution, etc. New York, N.Y. :
Name of publisher, distributor, etc. Literary Classics of the United States :
-- Distributed by Viking Press,
Date of publication, distribution, etc. c1986.
300 ## - PHYSICAL DESCRIPTION
Pagination 1308 p. :
Illustrations ill. ;
Size 21 cm.
500 ## - GENERAL NOTE
General note "Earl N. Harbert wrote the notes and selected the texts for this volume"--Prel. p.
General note Title on spine: History of the United States, 1801-09.
504 ## - BIBLIOGRAPHY, ETC. NOTE
Bibliography, etc Includes bibliographical references and index.
505 0# - FORMATTED CONTENTS NOTE
Formatted contents note Contains the first two parts of History of the United States of America during the first administration of Thomas Jefferson, and History of the United States of America during the second administration of Thomas Jefferson.
651 #0 - SUBJECT ADDED ENTRY--GEOGRAPHIC NAME
Geographic name United States
General subdivision Politics and government
Chronological subdivision 1801-1809.
9 (RLIN) 191779
Geographic name United States
General subdivision Politics and government
Chronological subdivision 1809-1817.
9 (RLIN) 185265
700 1# - ADDED ENTRY--PERSONAL NAME
Personal name Harbert, Earl N.,
Dates associated with a name 1934-
942 ## - ADDED ENTRY ELEMENTS (KOHA)
Source of classification or shelving scheme Dewey Decimal Classification
Koha item type Books
Holdings
Lost status Source of classification or shelving scheme Damaged status Not for loan Collection code Permanent Location Current Location Shelving location Date acquired Source of acquisition Total Checkouts Full call number Date last seen Copy number Koha item type
  Dewey Decimal Classification   Not For Loan Non-fiction Central Library, University of Rajshahi Central Library, University of Rajshahi Reading Room 10/09/1988 Asia Fundation   973.46 ADH 1986 19/02/2017 C-1 Books